<?xml version="1.0" encoding="UTF-8"?>
<record
    xmlns:xsi="http://www.w3.org/2001/XMLSchema-instance"
    xsi:schemaLocation="http://www.loc.gov/MARC21/slim http://www.loc.gov/standards/marcxml/schema/MARC21slim.xsd"
    xmlns="http://www.loc.gov/MARC21/slim">

  <leader>01255nabaa22002057a 4500</leader>
  <datafield tag="999" ind1=" " ind2=" ">
    <subfield code="c">6138</subfield>
    <subfield code="d">6138</subfield>
  </datafield>
  <controlfield tag="003">OSt</controlfield>
  <controlfield tag="005">20260122230530.0</controlfield>
  <controlfield tag="008">190701b        xxu||||| |||| 00| 0 spa d</controlfield>
  <datafield tag="040" ind1=" " ind2=" ">
    <subfield code="c">PJ</subfield>
  </datafield>
  <datafield tag="100" ind1=" " ind2=" ">
    <subfield code="9">6896</subfield>
    <subfield code="a">Bonato, Mauro R. </subfield>
  </datafield>
  <datafield tag="245" ind1="1" ind2="0">
    <subfield code="a">Cuestiones de revocaci&#xF3;n de actos y contratos administrativos por razones de inter&#xE9;s p&#xFA;blico /</subfield>
    <subfield code="c">Mauro R. Bonato. </subfield>
  </datafield>
  <datafield tag="300" ind1=" " ind2=" ">
    <subfield code="a">p. 68-101</subfield>
  </datafield>
  <datafield tag="505" ind1=" " ind2=" ">
    <subfield code="a">Sumario: I. Introducci&#xF3;n.&#x2014; II. Concepto.&#x2014; III. Fundamento.&#x2014; IV. La figura en derecho comparado y en el derecho positivo nacional.&#x2014; V. El debate sobre la necesidad de ley formal.&#x2014; VI. Supuestos de procedencia.&#x2014; VII. &#xD3;rgano competente para revocar.&#x2014; VIII. &#xC1;mbito de aplicaci&#xF3;n.&#x2014; IX. Oportunidad temporal para la revocaci&#xF3;n.&#x2014; X. Procedimiento.&#x2014; XI. Efectos.&#x2014; XII. Control judicial.&#x2014; XIII. La indemnizaci&#xF3;n.&#x2014; XIV. A modo de colof&#xF3;n.</subfield>
  </datafield>
  <datafield tag="505" ind1=" " ind2=" ">
    <subfield code="t">&#xBF;Te interesa el texto completo? Comunicate al correo: koha@justierradelfuego.gov.ar</subfield>
  </datafield>
  <datafield tag="650" ind1=" " ind2="0">
    <subfield code="9">211</subfield>
    <subfield code="a">DERECHO ADMINISTRATIVO</subfield>
  </datafield>
  <datafield tag="650" ind1=" " ind2="0">
    <subfield code="9">1171</subfield>
    <subfield code="a">ACTO ADMINISTRATIVO</subfield>
  </datafield>
  <datafield tag="650" ind1=" " ind2="0">
    <subfield code="9">6897</subfield>
    <subfield code="a">REVOCACI&#xD3;N DEL ACTO ADMINISTRATIVO</subfield>
  </datafield>
  <datafield tag="773" ind1="0" ind2=" ">
    <subfield code="0">2842</subfield>
    <subfield code="9">3251</subfield>
    <subfield code="d">Buenos Aires : AbeledoPerrot, 2012-</subfield>
    <subfield code="o">DA121</subfield>
    <subfield code="t">Derecho administrativo. N&#xBA; 149 septiembre/octubre 2023</subfield>
    <subfield code="z">18510590</subfield>
  </datafield>
  <datafield tag="942" ind1=" " ind2=" ">
    <subfield code="2">udc</subfield>
    <subfield code="c">ANA</subfield>
  </datafield>
</record>
